| 000 -LEADER |
| fixed length control field |
01225nam a2200265Ia 4500 |
| 001 - CONTROL NUMBER |
| control field |
16193 |
| 003 - CONTROL NUMBER IDENTIFIER |
| control field |
GE_BSU |
| 008 - FIXED-LENGTH DATA ELEMENTS--GENERAL INFORMATION |
| fixed length control field |
181216s||||||||xx |||||||||||||| ||und|| |
| 010 ## - LIBRARY OF CONGRESS CONTROL NUMBER |
| LC control number |
ივანე ჯავახიშვილის სახ. თსუ. |
| 020 ## - INTERNATIONAL STANDARD BOOK NUMBER |
| International Standard Book Number |
ISBN 978-9941-13-090-8 |
| 040 ## - CATALOGING SOURCE |
| Transcribing agency |
GE_BSU |
| 080 ## - UNIVERSAL DECIMAL CLASSIFICATION NUMBER |
| Universal Decimal Classification number |
911.53(479.22) |
| 100 ## - MAIN ENTRY--PERSONAL NAME |
| Personal name |
ეთერ დავითაია, ზურაბ სეფერთელაძე |
| 245 ## - TITLE STATEMENT |
| Title |
ნთროპოგენური ლანდშაფტები = Anthropogenic landscapes |
| 245 ## - TITLE STATEMENT |
| Remainder of title |
ანალიზი და სინთეზი |
| 245 ## - TITLE STATEMENT |
| Statement of responsibility, etc. |
რედ. ნოდარ ელიზბარაშვილი ; ფოტოები: კობა ხარაძე, ეთერ დავითაია |
| 260 ## - PUBLICATION, DISTRIBUTION, ETC. |
| Place of publication, distribution, etc. |
[თბ.] |
| 260 ## - PUBLICATION, DISTRIBUTION, ETC. |
| Name of publisher, distributor, etc. |
უნ-ტის გამ-ბა, |
| 260 ## - PUBLICATION, DISTRIBUTION, ETC. |
| Date of publication, distribution, etc. |
2009 |
| 300 ## - PHYSICAL DESCRIPTION |
| Extent |
152გვ. ; 20სმ.. - რეზ. ინგლ.. - ბიბლიოგრ.: გვ. 145-150. - |
| 653 ## - INDEX TERM--UNCONTROLLED |
| Uncontrolled term |
ლანდშაფტები; |
| 653 ## - INDEX TERM--UNCONTROLLED |
| Uncontrolled term |
საქართველოს ანთროპოგენური ლანდშაფტები; |
| 942 ## - ADDED ENTRY ELEMENTS (KOHA) |
| Koha item type |
წიგნი |